| 000 | 00425nam a2200169Ia 4500 | ||
|---|---|---|---|
| 008 | 121010t1960 xxu||||| |||| 00| 0 sin d | ||
| 041 | _asin | ||
| 080 |
_a8 S 31 _bSIR |
||
| 100 | _aSirisena,B.H | ||
| 245 | _aඉස්කෝලෙ අක්කා | ||
| 246 | _aIskole Akka | ||
| 260 |
_bSanhithodaya _aColombo _c1960 |
||
| 300 | _a152p., 18 cm | ||
| 942 | _cBK | ||
| 999 |
_c69335 _d69335 |
||
| 003 | LK-CoDNM | ||
| 040 |
_aLK-CoDNM _dLK-CoDNM _eLK-CoDNM |
||